UM Logo

Fundamentals of photography / (Record no. 23641)

MARC details
000 -LEADER
fixed length control field 00759nam a22001577a 4500
005 - DATE AND TIME OF LATEST TRANSACTION
control field 20250812092742.0
008 - FIXED-LENGTH DATA ELEMENTS--GENERAL INFORMATION
fixed length control field 250812b |||||||| |||| 00| 0 eng d
020 ## - INTERNATIONAL STANDARD BOOK NUMBER
International Standard Book Number 1598038893
082 ## - DEWEY DECIMAL CLASSIFICATION NUMBER
Classification number AV-CD Sa773 2012
100 ## - MAIN ENTRY--PERSONAL NAME
Personal name Sartore, Joel.
9 (RLIN) 63503
245 ## - TITLE STATEMENT
Title Fundamentals of photography /
Statement of responsibility, etc. Joel Sartore
260 ## - PUBLICATION, DISTRIBUTION, ETC. (IMPRINT)
Place of publication, distribution, etc. USA :
Name of publisher, distributor, etc. The Great Courses,
Date of publication, distribution, etc. ©2012.
300 ## - PHYSICAL DESCRIPTION
Extent 4 videodisc :
Other physical details sd., col. ;
Dimensions 7/4 5/4 in.
520 ## - SUMMARY, ETC.
Summary, etc. "Take beautiful and inspiring photos by learning to "see" like a professional photographer. Taught by an award-winning photographer and National Geographic Fellow, Fundamentals of Photography is a thorough and easy-to-follow guide that presents tips and techniques guaranteed to improve your photography skills."
942 ## - ADDED ENTRY ELEMENTS (KOHA)
Source of classification or shelving scheme Dewey Decimal Classification
Koha item type Compact Disc
Holdings
Withdrawn status Lost status Source of classification or shelving scheme Damaged status Not for loan Collection code Home library Current library Date acquired Source of acquisition Total Checkouts Full call number Date last seen Price effective from Koha item type
    Dewey Decimal Classification     AV-CD UM Digos College - LIC UM Digos College - LIC 08/12/2025 Purchased   AV-CD Sa773 2012 08/12/2025 08/12/2025 Compact Disc